UM Logo

New return path inductor buck–boost Y-inverter motor drive with reduced current stresses / (Record no. 19774)

MARC details
000 -LEADER
fixed length control field 01028nam a22002297a 4500
003 - CONTROL NUMBER IDENTIFIER
control field OSt
005 - DATE AND TIME OF LATEST TRANSACTION
control field 20250915160257.0
008 - FIXED-LENGTH DATA ELEMENTS--GENERAL INFORMATION
fixed length control field 240322b ||||| |||| 00| 0 eng d
040 ## - CATALOGING SOURCE
Transcribing agency 0
082 ## - DEWEY DECIMAL CLASSIFICATION NUMBER
Classification number DPer 621.381 In821 September 2022 v. 37 n. 9
100 ## - MAIN ENTRY--PERSONAL NAME
Personal name Menzi, David.
Relator term author.
9 (RLIN) 55083
245 ## - TITLE STATEMENT
Title New return path inductor buck–boost Y-inverter motor drive with reduced current stresses /
Statement of responsibility, etc. David Menzi, Jonas E. Huber, Lorenz Kappeler, Grayson Zulauf, and Johann W. Kolar.
260 ## - PUBLICATION, DISTRIBUTION, ETC. (IMPRINT)
Place of publication, distribution, etc. New York ;
Name of publisher, distributor, etc. The Institute of Electrical and Electronics Engineers, Inc. ,
Date of publication, distribution, etc. September 2022.
300 ## - PHYSICAL DESCRIPTION
Extent Volume 37, pages 10086-10090 :
Other physical details illustration ;
Dimensions 28 cm.
500 ## - GENERAL NOTE
General note IEEE Transactions on Power Electronics, vol. 37, no. 9, pages 10086-10090, September 2022.
700 ## - ADDED ENTRY--PERSONAL NAME
Personal name Menzi, David.
Relator term author.
9 (RLIN) 55083
700 ## - ADDED ENTRY--PERSONAL NAME
Personal name Huber, Jonas E.
Relator term author.
9 (RLIN) 55084
700 ## - ADDED ENTRY--PERSONAL NAME
Personal name Kappeler, Lorenz.
Relator term author.
9 (RLIN) 55085
700 ## - ADDED ENTRY--PERSONAL NAME
Personal name Zulauf, Grayson.
Relator term author.
9 (RLIN) 55086
700 ## - ADDED ENTRY--PERSONAL NAME
Personal name Kolar, Johann W.
Relator term author.
9 (RLIN) 55087
942 ## - ADDED ENTRY ELEMENTS (KOHA)
Source of classification or shelving scheme Dewey Decimal Classification
Koha item type Periodicals
Holdings
Withdrawn status Lost status Source of classification or shelving scheme Damaged status Not for loan Collection code Home library Current library Date acquired Total Checkouts Full call number Date last seen Price effective from Koha item type Public note
    Dewey Decimal Classification     Periodicals UM Digos College - LIC UM Digos College - LIC 03/22/2024   DPer 621.381 In821 September 2022 v. 37 n. 9 03/22/2024 03/22/2024 Periodicals Periodical Article